[Event "San Francisco"]
[Site "San Francisco"]
[Date "2014.06.09"]
[Round "?"]
[White "Zaichik, Gennadi"]
[Black "Mikhalchishin, Adrian"]
[Result "0-1"]
[WhiteElo "2457"]
[BlackElo "2561"]
[PlyCount "66"]
[EventDate "2014.06.06"]
[EventType "tourn (rapid)"]
[EventRounds "7"]
[EventCountry "USA"]
[SourceTitle "CBM 161"]
[Source "ChessBase"]
[SourceDate "2014.07.16"]
[SourceVersion "1"]
[SourceVersionDate "2014.07.16"]
[SourceQuality "1"]

1. d4 d5 2. c4 dxc4 3. Nf3 a6 4. a4 c5 5. d5 e6 6. e4 exd5 7. exd5 Bd6 8. Bxc4 Nf6 9. Qe2+ Qe7 10. Qxe7+ Kxe7 11. 0-0 Re8 12. Re1+ Kf8 13. Rxe8+ Nxe8 14. Nc3 Bf5 15. Be3 Nd7 16. Nh4 Bg6 17. Nxg6+ hxg6 18. Be2 Nef6 19. Rd1 Re8 20. b3 Be5 21. Nb1 Bd4 22. Bxd4 Rxe2 23. Bxf6 Nxf6 24. Nd2 Nxd5 25. Nf3 Nf6 26. Rd8+ Re8 27. Rd6 Ke7 28. Rb6 Rb8 29. Ne5 Nd7 30. Nxd7 Kxd7 31. Kf1 Kc7 32. a5 Rd8 33. Ke2 Rd6 0-1

[Event "New Jersey Futurity"]
[Site "Parsippany"]
[Date "2007.07.08"]
[Round "3"]
[White "Zaichik, Gennadi"]
[Black "Bartell, Thomas"]
[Result "1/2-1/2"]
[WhiteElo "2473"]
[BlackElo "2398"]
[PlyCount "60"]
[EventDate "2007.07.07"]
[EventType "tourn"]
[EventRounds "9"]
[EventCountry "USA"]
[EventCategory "7"]
[SourceTitle "CBM 119 Extra"]
[Source "ChessBase"]
[SourceDate "2007.09.04"]
[SourceVersion "1"]
[SourceVersionDate "2007.09.04"]
[SourceQuality "1"]

1. d4 Nf6 2. c4 e6 3. Nc3 Bb4 4. Nf3 b6 5. g3 Bb7 6. Bg2 Bxc3+ 7. bxc3 d6 8. 0-0 0-0 9. d5 e5 10. Nh4 Ba6 11. Qa4 Nfd7 12. Be3 Nc5 13. Bxc5 bxc5 14. Rab1 Bc8 15. e4 a5 16. Qc2 Ba6 17. Qe2 Nd7 18. Nf5 Nb6 19. Ne3 Qe8 20. Rfc1 g6 21. Bf1 f5 22. exf5 gxf5 23. f4 exf4 24. gxf4 Kh8 25. Qf3 Qe7 26. Re1 Qf6 27. Kh1 Qxc3 28. Qf2 Qf6 29. Bd3 Bc8 30. Rg1 Bd7 1/2-1/2

[Event "New Jersey Futurity"]
[Site "Parsippany"]
[Date "2007.07.07"]
[Round "1"]
[White "Yudasin, Leonid"]
[Black "Zaichik, Gennadi"]
[Result "1/2-1/2"]
[WhiteElo "2550"]
[BlackElo "2473"]
[PlyCount "41"]
[EventDate "2007.07.07"]
[EventType "tourn"]
[EventRounds "9"]
[EventCountry "USA"]
[EventCategory "7"]
[SourceTitle "CBM 119 Extra"]
[Source "ChessBase"]
[SourceDate "2007.09.04"]
[SourceVersion "1"]
[SourceVersionDate "2007.09.04"]
[SourceQuality "1"]

1. e4 c5 2. Nf3 d6 3. c3 Nf6 4. Be2 g6 5. 0-0 Bg7 6. Re1 0-0 7. Bf1 Bg4 8. d3 Nc6 9. Nbd2 b5 10. h3 Bxf3 11. Nxf3 b4 12. Bd2 Nd7 13. Qc2 Rb8 14. a3 a5 15. axb4 axb4 16. Ra6 Qc7 17. Rea1 bxc3 18. bxc3 Rb6 19. Ra8 Rbb8 20. R8a6 Rb6 21. Ra8 1/2-1/2

[Event "Philadelphia National op 36th"]
[Site "Philadelphia"]
[Date "2005.11.26"]
[Round "3"]
[White "Zaichik, Gennadi"]
[Black "Mirabile, Tim"]
[Result "1-0"]
[WhiteElo "2501"]
[BlackElo "2202"]
[PlyCount "73"]
[EventDate "2005.11.24"]
[EventType "swiss"]
[EventRounds "6"]
[EventCountry "USA"]
[SourceTitle "CBM 109 Extra"]
[Source "ChessBase"]
[SourceDate "2006.01.03"]
[SourceVersion "2"]
[SourceVersionDate "2006.01.03"]
[SourceQuality "1"]

1. Nf3 Nf6 2. c4 g6 3. g3 Bg7 4. Bg2 0-0 5. d4 d5 6. 0-0 dxc4 7. Na3 Nc6 8. Nxc4 Be6 9. b3 Bd5 10. Bb2 a5 11. Ne3 Be4 12. a3 h6 13. Rc1 Qd6 14. Ne5 Bxg2 15. Kxg2 Ra6 16. N5c4 Qd8 17. d5 Nb8 18. Qd2 c6 19. Rfd1 cxd5 20. Bxf6 exf6 21. Qxd5 Qxd5+ 22. Rxd5 Nc6 23. g4 Rb8 24. Rcd1 b5 25. Nd6 Rab6 26. Ne4 Re8 27. Nd6 Re5 28. Rxe5 fxe5 29. Nd5 Rb8 30. e3 Bf8 31. Nf6+ Kg7 32. Nfe8+ Kg8 33. Nf6+ Kg7 34. Nfe8+ Kg8 35. Rc1 Bxd6 36. Nxd6 Rb6 37. Nc8 1-0

[Event "Philadelphia National op 36th"]
[Site "Philadelphia"]
[Date "2005.11.24"]
[Round "1"]
[White "Zaichik, Gennadi"]
[Black "Tyehimba, Bem"]
[Result "1-0"]
[WhiteElo "2501"]
[BlackElo "2231"]
[PlyCount "59"]
[EventDate "2005.11.24"]
[EventType "swiss"]
[EventRounds "6"]
[EventCountry "USA"]
[SourceTitle "CBM 109 Extra"]
[Source "ChessBase"]
[SourceDate "2006.01.03"]
[SourceVersion "2"]
[SourceVersionDate "2006.01.03"]
[SourceQuality "1"]

1. Nf3 Nf6 2. c4 e6 3. Nc3 Bb4 4. Qc2 0-0 5. a3 Bxc3 6. Qxc3 b6 7. b4 Bb7 8. Bb2 d6 9. e3 Nbd7 10. Be2 Qe7 11. 0-0 e5 12. d3 a5 13. Nd2 axb4 14. axb4 h6 15. e4 Rxa1 16. Bxa1 g5 17. Bb2 Ra8 18. g3 Kh7 19. Re1 Nf8 20. d4 Ng6 21. d5 Bc8 22. Ba3 Bh3 23. c5 bxc5 24. bxc5 Ra4 25. Bb5 Rd4 26. Qc2 Ng4 27. f3 Nf6 28. Nb3 c6 29. cxd6 Qa7 30. Bc5 1-0

[Event "World op 31st"]
[Site "Philadelphia"]
[Date "2003.07.06"]
[Round "8"]
[White "Zaichik, Gennadi"]
[Black "Kosteniuk, Alexandra"]
[Result "1-0"]
[WhiteElo "2488"]
[BlackElo "2452"]
[PlyCount "77"]
[EventDate "2003.06.30"]
[EventType "swiss"]
[EventRounds "9"]
[EventCountry "USA"]
[SourceTitle "EXT 2004"]
[Source "ChessBase"]
[SourceDate "2003.11.25"]
[SourceVersion "1"]
[SourceVersionDate "2003.11.25"]
[SourceQuality "1"]

1. Nf3 d5 2. g3 Nf6 3. Bg2 c6 4. 0-0 Bg4 5. d3 Nbd7 6. Nbd2 e6 7. e4 Be7 8. h3 Bh5 9. b3 0-0 10. Bb2 b5 11. Qe1 Bg6 12. Nh4 Ne8 13. Nxg6 hxg6 14. Qe2 Nc7 15. f4 a5 16. a3 a4 17. b4 c5 18. bxc5 Bxc5+ 19. Kh2 b4 20. axb4 Bxb4 21. Rfb1 Re8 22. Bd4 Bf8 23. Qf2 Ra6 24. Ra2 Qa8 25. c4 Rb8 26. Rc1 Qc6 27. Rac2 Qd6 28. cxd5 Nb5 29. e5 Qa3 30. Bb2 Qb4 31. d6 a3 32. Ba1 Nxd6 33. exd6 Rxd6 34. Qe2 Rdb6 35. Nc4 Ra6 36. Ne5 Rd8 37. Rc6 Ra7 38. Rc7 Ra5 39. Bc3 1-0

[Event "USA-ch"]
[Site "Seattle"]
[Date "2003.01.17"]
[Round "8"]
[White "Zaichik, Gennadi"]
[Black "Paschall, William M"]
[Result "1-0"]
[WhiteElo "2516"]
[BlackElo "2444"]
[PlyCount "83"]
[EventDate "2003.01.09"]
[EventType "swiss"]
[EventRounds "9"]
[EventCountry "USA"]
[SourceTitle "CBM 093"]
[Source "ChessBase"]
[SourceDate "2003.04.01"]
[SourceVersion "1"]
[SourceVersionDate "2003.04.01"]
[SourceQuality "1"]

1. e4 c5 2. Nf3 Nc6 3. d4 cxd4 4. Nxd4 Nf6 5. Nc3 d6 6. Bg5 e6 7. Qd2 Qb6 8. Nb3 a6 9. Be2 Be7 10. 0-0 0-0 11. a4 Qc7 12. a5 Bd7 13. Rfd1 Kh8 14. f3 h6 15. Bxf6 Bxf6 16. Qxd6 Qxd6 17. Rxd6 Rfd8 18. Na4 Be8 19. Rxd8 Rxd8 20. c3 Nb8 21. Nac5 Bc6 22. Kf2 Nd7 23. Nd3 Be7 24. Nd4 Nb8 25. Nxc6 Nxc6 26. Ke3 g5 27. g3 Bd6 28. f4 Bb8 29. b4 Ba7+ 30. Kd2 gxf4 31. gxf4 e5 32. Rf1 Kg7 33. Kc2 exf4 34. Nxf4 Bb8 35. Bc4 Bxf4 36. Rxf4 Ne5 37. Bd5 b6 38. axb6 Rd6 39. b7 Rb6 40. Rf5 f6 41. Rxe5 fxe5 42. Kb3 1-0

[Event "USA-ch"]
[Site "Seattle"]
[Date "2003.01.15"]
[Round "6"]
[White "Kraai, Jesse"]
[Black "Zaichik, Gennadi"]
[Result "1/2-1/2"]
[WhiteElo "2453"]
[BlackElo "2516"]
[PlyCount "123"]
[EventDate "2003.01.09"]
[EventType "swiss"]
[EventRounds "9"]
[EventCountry "USA"]
[SourceTitle "CBM 093"]
[Source "ChessBase"]
[SourceDate "2003.04.01"]
[SourceVersion "1"]
[SourceVersionDate "2003.04.01"]
[SourceQuality "1"]

1. Nf3 c5 2. c4 Nc6 3. Nc3 g6 4. e3 Nf6 5. d4 cxd4 6. exd4 d5 7. Bg5 Bg7 8. Bxf6 Bxf6 9. cxd5 Nb8 10. h3 0-0 11. Bc4 Na6 12. 0-0 Nc7 13. a4 Ne8 14. Re1 Nd6 15. Bb3 a5 16. Ne4 Nxe4 17. Rxe4 b6 18. Ne5 Bb7 19. Ng4 Bg7 20. Re2 Bxd5 21. Bxd5 Qxd5 22. Rxe7 Rad8 23. Qe2 Qxd4 24. Ne5 Bf6 25. Nc6 Qxb2 26. Qxb2 Bxb2 27. Rb1 Rd2 28. Rb7 Re8 29. Rxb6 Ree2 30. Rf1 Kg7 31. Nxa5 Bd4 32. Rb7 Bxf2+ 33. Kh1 Ra2 34. Nc6 Rxa4 35. Ne5 Rxe5 36. Rxf2 Rf5 37. Rxf5 gxf5 38. Kh2 Ra3 39. Kg1 h5 40. Kf2 Kg6 41. Rb4 Kg5 42. h4+ Kg6 43. g3 Rc3 44. Rb6+ Kg7 45. Rb5 Kg6 46. Rb6+ f6 47. Rb4 Rd3 48. Ra4 Kf7 49. Ra7+ Ke6 50. Rh7 f4 51. gxf4 Kf5 52. Rxh5+ Kxf4 53. Rh6 f5 54. Kg2 Rd2+ 55. Kh3 Rd3+ 56. Kg2 Rg3+ 57. Kf2 Rg8 58. Ra6 Kg4 59. Ra4+ f4 60. Ra7 Rb8 61. Rg7+ Kf5 62. Rf7+ 1/2-1/2

[Event "USA-ch"]
[Site "Seattle"]
[Date "2003.01.11"]
[Round "3"]
[White "Zaichik, Gennadi"]
[Black "Kaidanov, Gregory S"]
[Result "0-1"]
[WhiteElo "2516"]
[BlackElo "2629"]
[PlyCount "90"]
[EventDate "2003.01.09"]
[EventType "swiss"]
[EventRounds "9"]
[EventCountry "USA"]
[SourceTitle "CBM 093"]
[Source "ChessBase"]
[SourceDate "2003.04.01"]
[SourceVersion "1"]
[SourceVersionDate "2003.04.01"]
[SourceQuality "1"]

1. Nf3 d5 2. g3 g6 3. Bg2 Bg7 4. d4 Nf6 5. 0-0 0-0 6. c4 dxc4 7. Na3 c3 8. bxc3 c5 9. e3 Nc6 10. Qe2 Bf5 11. Rd1 Qa5 12. Bb2 Rfd8 13. Nd2 Bg4 14. f3 Be6 15. Nb3 Bxb3 16. axb3 Qb6 17. Qb5 Nd5 18. Qxb6 axb6 19. Nc2 cxd4 20. exd4 Rxa1 21. Bxa1 Ra8 22. f4 e6 23. c4 Ndb4 24. d5 Nxc2 25. dxc6 bxc6 26. Bxg7 Kxg7 27. Bxc6 Ra3 28. Rd2 Ne3 29. Ba4 Nxc4 30. Rd4 Ne3 31. Rd7 Ra2 32. Rb7 Rg2+ 33. Kh1 Rf2 34. Bb5 Rb2 35. Kg1 Rxb3 36. Be8 Rb1+ 37. Kf2 Ng4+ 38. Kf3 Nh6 39. g4 Kf8 40. Rb8 Rf1+ 41. Ke4 Ke7 42. Bb5 Rb1 43. Be2 Re1 44. Kd3 Rh1 45. Rb7+ Kf8 0-1

[Event "Richard Aronow Memorial"]
[Site "Philadelphia"]
[Date "2002.07.18"]
[Round "6"]
[White "Zaichik, Gennadi"]
[Black "Lapshun, Yury"]
[Result "0-1"]
[WhiteElo "2516"]
[BlackElo "2393"]
[PlyCount "114"]
[EventDate "2002.07.12"]
[EventType "tourn"]
[EventRounds "9"]
[EventCountry "USA"]
[EventCategory "6"]
[SourceTitle "CBM 089 Extra"]
[Source "ChessBase"]
[SourceDate "2002.09.10"]
[SourceVersion "2"]
[SourceVersionDate "2002.09.10"]
[SourceQuality "1"]

1. e4 c5 2. Nf3 Nc6 3. d4 cxd4 4. Nxd4 e5 5. Nb5 d6 6. c4 Be7 7. N1c3 a6 8. Na3 Be6 9. Nc2 h6 10. Be2 Bg5 11. 0-0 Bxc1 12. Rxc1 Nf6 13. Qd2 0-0 14. Rfd1 Ne8 15. Qe3 Qg5 16. Qb6 Rb8 17. b4 Ne7 18. Ne3 Nc6 19. Nc2 Ne7 20. Bf1 Bg4 21. Re1 Nc8 22. Qe3 Ne7 23. Qb6 Nc8 24. Qe3 Ne7 25. f3 Qxe3+ 26. Nxe3 Be6 27. Ncd5 Nc6 28. c5 Nd4 29. Nc4 dxc5 30. bxc5 f6 31. Na5 Rf7 32. Rb1 Nc7 33. Bc4 Ncb5 34. Rb2 Rc8 35. a4 Na3 36. Ba2 Rxc5 37. Nxb7 Rc2 38. Rxc2 Ndxc2 39. Nd8 Nxe1 40. Nxe6 Ra7 41. Nc5 Kf8 42. Nb4 Ke8 43. a5 Nac2 44. Nd5 Nd4 45. Bc4 Nec2 46. Bxa6 Na3 47. Nb4 Ke7 48. Kf2 Kd6 49. Nb7+ Kc7 50. Nd5+ Kd7 51. Nc5+ Kc6 52. Nd3 Nac2 53. Kg3 Rxa6 54. N3b4+ Nxb4 55. Nxb4+ Kb5 56. Nxa6 Kxa6 57. Kg4 g6 0-1

[Event "Richard Aronow Memorial"]
[Site "Philadelphia"]
[Date "2002.07.15"]
[Round "4"]
[White "Zaichik, Gennadi"]
[Black "Kriventsov, Stanislav G"]
[Result "1-0"]
[WhiteElo "2516"]
[BlackElo "2443"]
[PlyCount "123"]
[EventDate "2002.07.12"]
[EventType "tourn"]
[EventRounds "9"]
[EventCountry "USA"]
[EventCategory "6"]
[SourceTitle "CBM 089 Extra"]
[Source "ChessBase"]
[SourceDate "2002.09.10"]
[SourceVersion "2"]
[SourceVersionDate "2002.09.10"]
[SourceQuality "1"]

1. Nf3 Nf6 2. c4 c5 3. Nc3 Nc6 4. d4 cxd4 5. Nxd4 e6 6. g3 Qb6 7. Nb3 Ne5 8. e4 Bb4 9. Qe2 d6 10. f4 Nc6 11. Bg2 0-0 12. Be3 Bxc3+ 13. bxc3 Qc7 14. c5 dxc5 15. Bxc5 Na5 16. Bd4 Nc6 17. Bc5 Na5 18. Bd4 Nc6 19. e5 Nxd4 20. cxd4 Nd5 21. 0-0 Rd8 22. Rfc1 Qe7 23. Na5 Qb4 24. Nc4 Nc3 25. Qd3 Nb5 26. Rab1 Qa4 27. Ne3 Nxd4 28. Nc4 Qxa2 29. Rb2 Qa6 30. Rd2 Rd7 31. Qc3 Nc6 32. Rb2 Rc7 33. Nd6 Bd7 34. Bf1 b5 35. Rxb5 Qa4 36. Rb2 a6 37. Qe3 Rca7 38. Bg2 g6 39. Rbc2 Qd4 40. Rc3 Qxe3+ 41. Rxe3 Nb4 42. Bxa8 Rxa8 43. Rb3 a5 44. Rc7 Be8 45. Rbc3 Kg7 46. Rc8 Rxc8 47. Rxc8 Bc6 48. Rc7 a4 49. Rxf7+ Kg8 50. Ra7 Nc2 51. Kf2 h6 52. Ke2 Nd4+ 53. Ke3 Nc2+ 54. Kd2 Nd4 55. Kc3 Nf3 56. h4 g5 57. hxg5 hxg5 58. f5 exf5 59. e6 f4 60. gxf4 g4 61. Nf5 Nh2 62. Ne7+ 1-0

[Event "World op 29th"]
[Site "Philadelphia"]
[Date "2001.07.07"]
[Round "7"]
[White "Zaichik, Gennadi"]
[Black "Young, Angelo"]
[Result "1-0"]
[WhiteElo "2504"]
[BlackElo "2420"]
[PlyCount "71"]
[EventDate "2001.06.30"]
[EventType "swiss"]
[EventRounds "9"]
[EventCountry "USA"]
[SourceTitle "EXT 2002"]
[Source "ChessBase"]
[SourceDate "2001.11.25"]
[SourceVersion "1"]
[SourceVersionDate "2001.11.25"]
[SourceQuality "1"]

1. e4 e6 2. d3 c5 3. Nf3 Nc6 4. g3 d6 5. Bg2 a6 6. 0-0 Nge7 7. Be3 Qc7 8. Nbd2 Bd7 9. a3 g6 10. Rb1 Bg7 11. b4 cxb4 12. Nc4 Nc8 13. axb4 b5 14. Na3 Rb8 15. Qd2 a5 16. c3 0-0 17. Bh6 Bxh6 18. Qxh6 f6 19. Qd2 N8e7 20. Rfe1 Rfc8 21. d4 Nd8 22. Rbc1 Nf7 23. Bf1 Qa7 24. Ra1 Qc7 25. Rac1 Qa7 26. Nc2 a4 27. Na3 Qb7 28. Bg2 e5 29. h3 Kg7 30. Nh2 Rc7 31. Nf1 Qc8 32. Kh2 h6 33. h4 Qh8 34. Kg1 Qc8 35. Kh2 Nc6 36. Ne3 1-0

[Event "Philadelphia National op 31st"]
[Site "Philadelphia"]
[Date "2000.11.27"]
[Round "4"]
[White "Zaichik, Gennadi"]
[Black "Shabalov, Alexander"]
[Result "1/2-1/2"]
[WhiteElo "2495"]
[BlackElo "2601"]
[PlyCount "41"]
[EventDate "2000.11.26"]
[EventType "swiss"]
[EventRounds "6"]
[EventCountry "USA"]
[SourceTitle "CBM 079 Extra"]
[Source "ChessBase"]
[SourceDate "2001.01.11"]
[SourceVersion "2"]
[SourceVersionDate "2001.01.25"]
[SourceQuality "1"]

1. d4 Nf6 2. c4 e6 3. g3 d5 4. Bg2 dxc4 5. Qa4+ Bd7 6. Qxc4 Bc6 7. Nf3 Be7 8. 0-0 0-0 9. Nc3 Nbd7 10. Qd3 Nd5 11. e4 Nxc3 12. bxc3 f5 13. exf5 exf5 14. Ne1 Bxg2 15. Nxg2 Nb6 16. a4 a5 17. Re1 Rf7 18. Nf4 Qd7 19. Qb1 Qc6 20. Qb3 Bd6 21. Nd3 1/2-1/2

[Event "World op 28th"]
[Site "Philadelphia"]
[Date "2000.07.03"]
[Round "7"]
[White "Zaichik, Gennadi"]
[Black "Zaremba, Andrie"]
[Result "1/2-1/2"]
[WhiteElo "2489"]
[BlackElo "2337"]
[PlyCount "62"]
[EventDate "2000.06.28"]
[EventType "swiss"]
[EventRounds "9"]
[EventCountry "USA"]
[SourceTitle "EXT 2001"]
[Source "ChessBase"]
[SourceDate "2000.11.22"]
[SourceVersion "1"]
[SourceVersionDate "2000.11.22"]
[SourceQuality "1"]

1. Nf3 d5 2. g3 Nf6 3. Bg2 g6 4. 0-0 Bg7 5. d4 0-0 6. c4 dxc4 7. Na3 c5 8. Nxc4 Na6 9. dxc5 Nxc5 10. Be3 Nce4 11. Nd4 a6 12. Rc1 Nd6 13. Nxd6 Qxd6 14. Nb3 Ne8 15. Na5 Qb4 16. Nc4 Be6 17. a3 Qb5 18. a4 Qb4 19. Bd2 Qc5 20. Be3 Qb4 21. Bd2 Qc5 22. Be3 Qb4 23. Nb6 Rb8 24. b3 Nf6 25. Bc5 Qg4 26. Bxe7 Rfe8 27. Rc7 a5 28. Bf3 Qh3 29. Bg2 Qg4 30. Bf3 Qh3 31. Bg2 Qg4 1/2-1/2

[Event "Panormo zt"]
[Site "Panormo"]
[Date "1998.10.30"]
[Round "7"]
[White "Zaichik, Gennadi"]
[Black "Chibukhchian, Artur"]
[Result "1-0"]
[WhiteElo "2505"]
[BlackElo "2415"]
[PlyCount "69"]
[EventDate "1998.10.24"]
[EventType "swiss"]
[EventRounds "11"]
[EventCountry "GRE"]
[SourceTitle "CBM 067 Extra"]
[Source "ChessBase"]
[SourceDate "1999.01.01"]
[SourceVersion "1"]
[SourceVersionDate "1999.01.01"]
[SourceQuality "1"]

1. d4 Nf6 2. c4 d6 3. Nc3 Nbd7 4. Nf3 g6 5. g3 Bg7 6. Bg2 0-0 7. 0-0 e5 8. h3 c6 9. e4 Qb6 10. c5 dxc5 11. dxe5 Ne8 12. e6 fxe6 13. Ng5 Ne5 14. f4 h6 15. fxe5 c4+ 16. Kh2 Rxf1 17. Qxf1 hxg5 18. Bxg5 Bxe5 19. Qf3 Qc7 20. Rf1 Qg7 21. Bh6 Qe7 22. Qg4 Kh7 23. Bg5 Qc7 24. Rf8 Ng7 25. Bf6 Bxf6 26. Rxf6 Kg8 27. e5 Qxe5 28. Rxg6 Bd7 29. Ne4 Be8 30. Nf6+ Kf8 31. Qh4 Nh5 32. Nh7+ Kf7 33. Rg5 Qxb2 34. Rxh5 Kg7 35. Qe7+ 1-0

[Event "Rishon Le Ziyyon 9798"]
[Site "Rishon Le Ziyyon"]
[Date "1998.01.02"]
[Round "9"]
[White "Zaichik, Gennadi"]
[Black "Soffer, Ram"]
[Result "0-1"]
[WhiteElo "2540"]
[BlackElo "2520"]
[PlyCount "116"]
[EventDate "1997.12.25"]
[EventType "swiss"]
[EventRounds "9"]
[EventCountry "ISR"]
[SourceTitle "CBM 062 Extra"]
[Source "ChessBase"]
[SourceDate "1998.03.09"]
[SourceVersion "1"]
[SourceVersionDate "1998.03.09"]
[SourceQuality "1"]

1. d4 Nf6 2. c4 e6 3. g3 d5 4. Bg2 Be7 5. Nf3 0-0 6. 0-0 dxc4 7. Na3 Bxa3 8. bxa3 Bd7 9. Qc2 Bc6 10. Qxc4 Nbd7 11. Bg5 Bd5 12. Qb4 b6 13. Rfd1 h6 14. Bxf6 Qxf6 15. Rac1 Rfc8 16. Qb1 Bb7 17. e4 Qe7 18. Qd3 Nf8 19. d5 Rd8 20. Qb3 Rac8 21. Nd4 e5 22. Nf5 Qf6 23. Qa4 a6 24. Qb4 Rd7 25. a4 Rcd8 26. a5 b5 27. Ne3 c6 28. Bh3 Rd6 29. a4 cxd5 30. axb5 axb5 31. Nf5 R6d7 32. exd5 Ne6 33. d6 Ng5 34. Bg4 Nf3+ 35. Bxf3 Bxf3 36. Ne3 Bxd1 37. Rxd1 Rxd6 38. Rxd6 Qxd6 39. Qxb5 Rb8 40. Qc4 Qb4 41. Qd5 Qb1+ 42. Kg2 Qb7 43. a6 Qxd5+ 44. Nxd5 Ra8 45. Nb4 f5 46. Nc6 Kf8 47. a7 e4 48. h4 Kf7 49. Kf1 g6 50. Ke2 Ke6 51. Ke3 Kd6 52. Nd4 Kd5 53. h5 Rxa7 54. hxg6 Ra3+ 55. Kf4 Kxd4 56. Kxf5 e3 57. fxe3+ Rxe3 58. g4 Re5+ 0-1

[Event "GEO-ch"]
[Site "Tbilisi"]
[Date "1998.??.??"]
[Round "?"]
[White "Shengelia, Davit"]
[Black "Zaichik, Gennadi"]
[Result "1/2-1/2"]
[WhiteElo "2360"]
[BlackElo "2525"]
[PlyCount "46"]
[EventDate "1998.??.??"]
[EventType "swiss"]
[EventRounds "9"]
[EventCountry "GEO"]
[SourceTitle "EXT 2002"]
[Source "ChessBase"]
[SourceDate "2001.11.25"]
[SourceVersion "1"]
[SourceVersionDate "2001.11.25"]
[SourceQuality "1"]

1. e4 c5 2. Nf3 Nc6 3. d4 cxd4 4. Nxd4 Nf6 5. Nc3 d6 6. f3 e5 7. Nb3 Be6 8. Be3 Be7 9. Nd5 Bxd5 10. exd5 Nb4 11. c4 a5 12. a3 Na6 13. Nd2 Nd7 14. Bd3 Bg5 15. Bf2 Bxd2+ 16. Qxd2 Nac5 17. Bc2 a4 18. 0-0 0-0 19. f4 Qa5 20. Qe3 Rfe8 21. Rae1 f6 22. Qh3 Nf8 23. fxe5 fxe5 1/2-1/2

[Event "Rishon Le Ziyyon 9798"]
[Site "Rishon Le Ziyyon"]
[Date "1997.12.28"]
[Round "4"]
[White "Zaichik, Gennadi"]
[Black "Botvinnik, Ilia"]
[Result "1/2-1/2"]
[WhiteElo "2540"]
[BlackElo "2350"]
[PlyCount "91"]
[EventDate "1997.12.25"]
[EventType "swiss"]
[EventRounds "9"]
[EventCountry "ISR"]
[SourceTitle "CBM 062 Extra"]
[Source "ChessBase"]
[SourceDate "1998.03.09"]
[SourceVersion "1"]
[SourceVersionDate "1998.03.09"]
[SourceQuality "1"]

1. e4 c5 2. Nf3 Nc6 3. d4 cxd4 4. Nxd4 Nf6 5. Nc3 d6 6. Be3 Ng4 7. Bb5 Nxe3 8. fxe3 Bd7 9. 0-0 e6 10. Bxc6 bxc6 11. Qf3 Qf6 12. Qe2 Qg5 13. Rf3 Be7 14. Rg3 Qh6 15. Rh3 Qg5 16. Rg3 Qh6 17. Qa6 Bg5 18. Re1 0-0 19. Qb7 Rad8 20. Rh3 Qf6 21. Nf3 Bh6 22. e5 dxe5 23. g4 e4 24. Nxe4 Qg6 25. Nf2 f6 26. Rg3 Qxc2 27. h4 Bc8 28. Qxa7 Qxb2 29. Rg2 g5 30. Nd4 Qb4 31. Nd3 Qb7 32. Qxb7 Bxb7 33. Nc5 Rf7 34. Ndxe6 Re8 35. hxg5 Bxg5 36. Rb2 Bc8 37. Nxg5 fxg5 38. Rb8 Rff8 39. a4 Bxg4 40. Rxe8 Rxe8 41. a5 Re5 42. Rc1 Bc8 43. Kf2 Rf5+ 44. Ke2 g4 45. e4 Rf3 46. Na4 1/2-1/2

[Event "Rishon Le Ziyyon 9798"]
[Site "Rishon Le Ziyyon"]
[Date "1997.12.25"]
[Round "1"]
[White "Ribshtein, Nati"]
[Black "Zaichik, Gennadi"]
[Result "0-1"]
[WhiteElo "2335"]
[BlackElo "2540"]
[PlyCount "58"]
[EventDate "1997.12.25"]
[EventType "swiss"]
[EventRounds "9"]
[EventCountry "ISR"]
[SourceTitle "CBM 062 Extra"]
[Source "ChessBase"]
[SourceDate "1998.03.09"]
[SourceVersion "1"]
[SourceVersionDate "1998.03.09"]
[SourceQuality "1"]

1. e4 g6 2. d4 Bg7 3. Nc3 d6 4. Be3 a6 5. a4 Nf6 6. Nf3 0-0 7. Be2 b6 8. 0-0 Bb7 9. Nd2 e5 10. d5 Nbd7 11. a5 b5 12. Na2 c6 13. dxc6 Bxc6 14. Nb4 Bb7 15. c4 Nc5 16. Nd5 Bxd5 17. exd5 b4 18. Nb3 Nfd7 19. Nxc5 Nxc5 20. Ra2 Qc7 21. f3 f5 22. Kh1 Rfe8 23. Qe1 Rab8 24. Qf2 b3 25. Ra3 e4 26. Bxc5 Qxc5 27. Qxc5 dxc5 28. Bd1 e3 29. Rxb3 e2 0-1

[Event "World op 25th"]
[Site "Philadelphia"]
[Date "1997.??.??"]
[Round "5"]
[White "Wheeler, Jerry"]
[Black "Zaichik, Gennadi"]
[Result "0-1"]
[WhiteElo "2210"]
[BlackElo "2540"]
[PlyCount "60"]
[EventDate "1997.06.28"]
[EventType "swiss"]
[EventRounds "9"]
[EventCountry "USA"]
[SourceTitle "EXT 2000"]
[Source "ChessBase"]
[SourceDate "1999.11.16"]
[SourceVersion "1"]
[SourceVersionDate "1999.11.16"]
[SourceQuality "1"]

1. e4 g6 2. d4 Bg7 3. Nc3 d6 4. h3 c6 5. a4 Nd7 6. Nf3 Qc7 7. Be2 Ngf6 8. 0-0 0-0 9. a5 Rb8 10. Re1 b5 11. axb6 axb6 12. Bf4 e5 13. dxe5 dxe5 14. Bg5 Nc5 15. Bf1 Ne6 16. Be3 Bb7 17. Ng5 Nd4 18. Na4 c5 19. c3 h6 20. cxd4 exd4 21. Bxd4 cxd4 22. e5 hxg5 23. exf6 Bxf6 24. Qb3 Rfd8 25. Rec1 Qf4 26. Bc4 Be5 27. g3 Qf5 28. Nxb6 d3 29. Ra7 Qf3 30. Rxb7 Rxb7 0-1

[Event "Olympiad-32"]
[Site "Yerevan"]
[Date "1996.10.01"]
[Round "14.3"]
[White "Benjamin, Joel"]
[Black "Zaichik, Gennadi"]
[Result "1/2-1/2"]
[WhiteElo "2565"]
[BlackElo "2550"]
[PlyCount "137"]
[EventDate "1996.09.15"]
[EventType "team-swiss"]
[EventRounds "14"]
[EventCountry "ARM"]
[SourceTitle "CBM 055"]
[Source "ChessBase"]
[SourceDate "1996.12.01"]
[SourceVersion "1"]
[SourceVersionDate "1996.12.01"]
[SourceQuality "1"]
[WhiteTeam "United States"]
[BlackTeam "Georgia"]
[WhiteTeamCountry "USA"]
[BlackTeamCountry "GEO"]

1. e4 e5 2. Nf3 d6 3. Bc4 Be7 4. d4 exd4 5. Nxd4 Nf6 6. Nc3 0-0 7. Nde2 c6 8. a4 Nxe4 9. Nxe4 d5 10. Bxd5 cxd5 11. N4c3 Be6 12. 0-0 Nc6 13. Be3 Rc8 14. Nd4 Bd6 15. Qh5 Ne5 16. h3 Nc4 17. Bc1 Be5 18. Nce2 g6 19. Qf3 Bg7 20. c3 Qd7 21. Rd1 Rfe8 22. Nf4 Rcd8 23. Nd3 h6 24. Qg3 Kh7 25. Bf4 Rc8 26. b3 Na5 27. Ne5 Qe7 28. Re1 Qf6 29. h4 Bf5 30. Re3 Nc6 31. Rae1 Nxd4 32. cxd4 Re6 33. Nf3 Rxe3 34. Rxe3 Be6 35. Be5 Qf5 36. Bxg7 Kxg7 37. Kh2 Rc2 38. a5 Kh7 39. Re5 Qf6 40. Re3 Qf5 41. Re5 Qf6 42. h5 gxh5 43. Rxh5 Qg6 44. Ng5+ Kg7 45. Qe5+ Qf6 46. Nxe6+ fxe6 47. Qxf6+ Kxf6 48. Rxh6+ Kf5 49. Rh7 Ke4 50. Rxb7 Rxf2 51. Rxa7 Kxd4 52. a6 Ra2 53. Ra8 e5 54. b4 e4 55. b5 e3 56. Re8 Kc5 57. Rxe3 Kxb5 58. Re6 d4 59. Kg3 Kc4 60. Kf3 Kd5 61. Rg6 Ke5 62. g4 Ra3+ 63. Ke2 Ke4 64. Re6+ Kf4 65. Rg6 Ke4 66. Kd2 Ra2+ 67. Ke1 d3 68. Rd6 Ke5 69. Rxd3 1/2-1/2